[Event "Kaupthing op-B 1st"]
[Site "Differdange"]
[Date "2007.07.13"]
[Round "8"]
[White "Meisch, Jean Paul"]
[Black "Dording, Franz"]
[Result "1-0"]
[WhiteElo "1456"]
[BlackElo "1251"]
[PlyCount "61"]
[EventDate "2007.07.08"]
[EventType "swiss"]
[EventRounds "9"]
[EventCountry "LUX"]
[SourceTitle "EXT 2008"]
[Source "ChessBase"]
[SourceDate "2007.11.25"]
[SourceVersion "1"]
[SourceVersionDate "2007.11.25"]
[SourceQuality "1"]

1. e4 e5 2. Nf3 Nf6 3. Nc3 Nc6 4. Bb5 d6 5. d4 a6 6. Ba4 Bd7 7. 0-0 Be7 8. Bb3 b6 9. Ng5 Be6 10. d5 Nd4 11. dxe6 fxe6 12. Nxe6 Nxe6 13. Bxe6 c6 14. Bg5 Nd7 15. Bxe7 Qxe7 16. Bxd7+ Qxd7 17. f4 0-0 18. fxe5 Rxf1+ 19. Qxf1 dxe5 20. Rd1 Qf7 21. Qxf7+ Kxf7 22. Na4 b5 23. Nc5 a5 24. Rd6 Ke7 25. Re6+ Kf7 26. Rxe5 Rd8 27. Nd3 Re8 28. Rxe8 Kxe8 29. Kf2 Ke7 30. Ke3 Ke6 31. Kd4 1-0